00289nam a2200121Ia 4500008004100000041000900041082001800050100002000068245002400088260003900112300000800151650000800159230718s9999 xx 000 0 und d aEng. a342.54bMAH-C aMahmood,Ehtsham 0acourt fees act 1967 aPakistanbManzoor book housec2013 a168 aLaw